Les 20 villes les plus peuplées de Maine-et-Loire - Statistiques

Statistiques générales
  • Ce quiz a été pris 131 fois
  • Le résultat moyen est 7 sur 20
Statistiques - réponses
Population Villes % Correct
157 175 Angers
100%
53 936 Cholet
95%
26 215 Saumur
92%
17 699 Segré-en-Anjou Bleu
61%
14 938 Avrillé
56%
15 358 Trélazé
53%
12 725 Les Ponts-de-Cé
40%
21 386 Chemillé-en-Anjou
33%
23 639 Beaupréau-en-Mauges
30%
25 806 Sèvremoine
30%
11 228 Doué-en-Anjou
23%
9 460 Saint-Barthélemy-d'Anjou
22%
18 331 Mauges-sur-Loire
21%
11 757 Baugé-en-Anjou
18%
16 416 Loire-Authion
15%
15 755 Montrevault-sur-Èvre
14%
16 709 Orée d'Anjou
14%
10 895 Brissac Loire Aubance
9%
8 859 Ombrée d'Anjou
7%
8 727 Les Hauts-d'Anjou
3%
Aucun quiz correspondant
Distribution des résultats
% des personnes avec chaque résultat
Percentile par nombre de réponses
Votre historique - résultats
Vous n’avez pas pris ce quiz